[Event "Alexandria op 22nd"]
[Site "Alexandria"]
[Date "2017.08.03"]
[Round "2"]
[White "Ismail, Youssef"]
[Black "Soltan, Mohamed"]
[Result "1-0"]
[WhiteElo "2184"]
[BlackElo "1890"]
[PlyCount "58"]
[EventDate "2017.08.02"]
[EventType "swiss"]
[EventRounds "10"]
[EventCountry "EGY"]
[SourceTitle "CBM 180 Extra"]
[Source "ChessBase"]
[SourceDate "2017.10.06"]
[SourceVersion "1"]
[SourceVersionDate "2017.10.06"]
[SourceQuality "1"]

1. c4 e5 2. e3 Nf6 3. Nc3 c6 4. d4 Qc7 5. d5 d6 6. h3 Bf5 7. g4 Bg6 8. Bg2 Nbd7 9. g5 Ng8 10. h4 f5 11. dxc6 bxc6 12. Nb5 cxb5 13. Bxa8 bxc4 14. Qa4 Ne7 15. Bg2 Bf7 16. h5 Bd5 17. Bxd5 Nxd5 18. Qc2 e4 19. Bd2 Nc5 20. Ne2 Nd3+ 21. Kf1 Be7 22. Qa4+ Kf7 23. g6+ Kf6 24. gxh7 Rxh7 25. Qe8 Rh6 26. Qg8 Nb6 27. Bc3+ Ne5 28. Rg1 Bd8 29. Qf8+ Ke6 1-0